000
00277nam a22001097a 4500
008
240719b |||||||| |||| 00| 0 eng d
100
_a
Nand Lal
_9
17260
245
_a
Gajlaan Bhai Nand Lal
260
_a
Chnadigarh:
_b
Guru Govind Singh Foundation;
_c
-
300
_a
-
942
_c
BK
999
_c
38888
_d
38888